000 00912nam a2200217Ia 4500
003 OSt
005 20200723120457.0
008 191128s2005 ck a gr 000 0dspa d
020 _a958410361X
082 0 4 _a330.98610632 /
_bA662e
_223
100 1 _aArango Londoño, Gilberto,
_eautor
_91441
245 1 0 _aEstructura económica colombina /
_cGilberto Arango Londoño
250 _aDécima edición
260 _aBogotá :
_bMc Graw-Hill,
_c2005.
300 _a574 páginas :
_bdiagramas a blanco y negro ;
_c24 cm.
500 _aIncluye datos biográficos del autor en contra portada y notas a pie de página.
505 0 _aConceptos básicos -- Aspectos de la situación demográfica colombiana -- Tenencia del a tierra -- La producción agropecuaria -- El café -- Recursos naturales
650 1 4 _aCondiciones sociales
_zColombia
_96840
650 2 4 _aHistoria económica
_zColombia
_96882
942 _2ddc
_cBK
999 _c4648
_d4648